000 00694nam a2200205Ia 4500
003 IN-BaIIA
008 211028s9999 xx 000 0 eng d
040 _cIIA Library
080 _a035:520.1
_bFAC
245 0 _aFacilities manual of CERRO TOLOLO inter-american observatory
_cedited by L. A Colbeck
260 _aU.S.A.
_bCello Tololo
_c1987
300 _a[various pagings.]
650 _aAstronomy and astrophysics thesaurus
650 _aCerro Tololo
_914777
650 _aCTIO
_914778
650 _aObservatories - Inter - American
_914779
650 _aObservatory facilities Manual
_914780
700 _aColbeck, L. A ., ed.
_915257
942 _cBK
999 _c9083
_d9083